Manažment rozvoja kúpeľov Nimnica, a.s. diplomová práca

Salvato in:
Dettagli Bibliografici
Autore principale: Pagáčová, Lucia
Ente Autore: Obchodná fakulta EU. Katedra cestovného ruchu
Altri autori: Mura, Ladislav, 1979-
Natura: Libro
Lingua:slovacco
Pubblicazione: Bratislava 2024
Tags: Aggiungi Tag
Nessun Tag, puoi essere il primo ad aggiungerne!!

MARC

LEADER 00000nbm a2200000 4500
001 0302413
005 20250821121957.4
041 0 |a slo 
044 |a SK 
245 1 0 |a Manažment rozvoja kúpeľov Nimnica, a.s.  |b diplomová práca  |c Lucia Pagáčová ; školiteľ: Ladislav Mura 
264 1 |a Bratislava  |c 2024 
300 |a 77 s. 
100 1 |a Pagáčová, Lucia 
700 1 |a Mura, Ladislav, 1979- 
710 2 |a Obchodná fakulta EU. Katedra cestovného ruchu